000 00378nam a2200157Ia 4500
003 0STCL
008 150530s9999 xx 000 0 und d
040 _aSTCL
_cSTCL
100 _aWagenknecht, E.
245 _aCavalcade of the American novel
260 _bOxford and IBH: Calcutta
_c1969
546 _aEnglish
942 _2ddc
_cBK
999 _c68712
_d68712
005 20220125171405.0